|
|
|
|
| LEADER |
00000nam a22000005a 4500 |
| 001 |
vtls010321897 |
| 003 |
SK-MaSNL |
| 005 |
20260301032150.0 |
| 008 |
160610s2010 xo ola e p 000 0 slo |
| 015 |
|
|
|a SNBA2011/10-05584
|
| 020 |
|
|
|a 9788055305486 (brož.)
|
| 035 |
|
|
|a ED84ABE8-D6FB-4568-B105-76ECCEAD36DF
|
| 035 |
|
|
|a urn:nbn:sk:snk-amkwob
|
| 035 |
|
|
|a urn:nbn:sk:snk-am0082ws
|
| 040 |
|
|
|a SNK
|b slo
|c SNK
|e AACR2
|
| 041 |
0 |
|
|a slo
|
| 044 |
|
|
|a xo
|c SK
|
| 072 |
|
7 |
|a 621
|x Strojárstvo
|2 konspekt
|
| 072 |
|
7 |
|a 37.016
|x Učebné osnovy. Vyučovacie predmety. Učebnice
|2 konspekt
|
| 080 |
|
|
|a 621
|2 2001
|
| 080 |
|
|
|a 621.7/.9
|2 2001
|
| 080 |
|
|
|a 004.92:658.512.2
|2 2001
|
| 080 |
|
|
|a (075.8)
|2 2001
|
| 080 |
|
|
|a 62:005.83
|2 2001
|
| 100 |
1 |
|
|a Slota, Ján,
|d 1974-
|4 aut
|9 111611
|
| 245 |
1 |
0 |
|a Rapid prototyping a reverse engineering v strojárstve
|c Ján Slota, Martin Mantič, Ivan Gajdoš
|
| 250 |
|
|
|a 1. vyd.
|
| 260 |
|
|
|a Košice
|b TU, Strojnícka fakulta
|c 2010
|
| 300 |
|
|
|a 207 s.
|b fotogr., ilustr., sch., tab.
|c 29 cm
|
| 366 |
|
|
|e 50 výt.
|
| 490 |
1 |
|
|a Edícia študijnej literatúry
|
| 504 |
|
|
|a Bibliogr. s. 203-207. Slovník pojmov a použitých skrat.
|
| 650 |
0 |
7 |
|a strojárska technológia
|2 SNKPH
|9 65980
|
| 650 |
0 |
7 |
|a Mechanical engineering
|2 SNKPHeng
|9 275771
|
| 650 |
0 |
7 |
|a strojárstvo
|2 SNKPH
|9 674
|
| 650 |
0 |
7 |
|a Mechanical technologies
|2 SNKPHeng
|9 328847
|
| 650 |
0 |
7 |
|a Computer-aided design
|2 SNKPHeng
|9 323609
|
| 650 |
0 |
7 |
|a počítačom podporované projektovanie
|2 SNKPH
|9 249877
|
| 650 |
0 |
7 |
|a Manufacturing technology
|2 SNKPHeng
|9 265634
|
| 650 |
0 |
7 |
|a výrobné technológie
|2 SNKPH
|9 4198
|
| 655 |
|
7 |
|a učebnice vysokých škôl
|2 SNKPH
|9 70191
|
| 655 |
|
7 |
|a Textbooks (higher)
|2 SNKPHeng
|9 276436
|
| 700 |
1 |
|
|a Mantič, Martin,
|d 1974-
|4 aut
|9 145729
|
| 700 |
1 |
|
|a Gajdoš, Ivan,
|d 1980-
|4 aut
|9 222465
|
| 810 |
2 |
|
|a Technická univerzita v Košiciach.
|b Strojnícka fakulta
|t Edícia študijnej literatúry
|9 312999
|
| 919 |
|
|
|a 978-80-553-0548-6
|
| 958 |
|
|
|a NB
|
| 968 |
|
|
|d 62
|
| 999 |
|
|
|c 577939
|d 579869
|
| 952 |
|
|
|a SNK
|b SNK
|y PREZ
|7 0
|p 17A0754635
|o snkSB 82081
|i snk2011/22083
|8 0
|0 0
|1 0
|4 0
|d 2011-11-02
|f 1
|l 0
|r 2025-05-06 00:00:00
|w 2026-02-23
|
| 952 |
|
|
|a SNK
|b SNK
|y VYP
|7 0
|p 17A0754634
|o snkSB 82081 D1
|i snk2011/22084
|8 0
|0 0
|1 0
|4 0
|d 2011-11-02
|l 0
|r 2016-06-30 00:00:00
|w 2026-02-23
|